• 首页
  • 本馆介绍
  • 公告通知
  • 最新文献
  • 馆藏检索
  • 电子资源
  • 读者导购
  • 参考咨询
  • 我的图书馆
  • 登录
  • 详细信息显示
  • 放入我的书架
  • 预约/预借图书
  • 作者相关作品
  • 分类相关作品
  • 丛书相关作品
  • 出版社相关作品

书目信息

  • 表格格式
  • 工作单格式
  • 卡片格式
题名:
道教徒的诗人李白及其痛苦
    
 
作者: 李长之, 著
分册:  
出版信息: 北京   北京出版社  2018
页数: 146页
开本: 19cm
丛书名: 大家小书
单 册:
中图分类: K825.6=422
科图分类:
主题词: 诗人--shi ren--人物研究--中国--唐代
电子资源:
ISBN: 978-7-200-13883-2
000 01222nam 2200289 45
001 012001009427
005 20140101172408.0
010    @a978-7-200-13883-2@b精装@dCNY36.00
099    @aCAL 012018075281
100    @a20180507d2018 em y0chiy50 ea
101 0  @achi
102    @aCN@b110000
105    @ay z 000yd
106    @ar
200 1  @a道教徒的诗人李白及其痛苦@Adao jiao tu de shi ren li bai ji qi tong ku@f李长之著
210    @a北京@c北京出版社@d2018
215    @a146页@d19cm
225 2  @a大家小书@Ada jia xiao shu
314    @a李长之, 中国著名的现代作家、文学评论家。
330    @a本书以李白的游历生活为经, 以李白的道教信仰和狂人精神为纬, 深入体察“超人”李白的充溢的生命力以及内心之痛苦, 解析其诗歌中的豪气和清真风格的形成。作者李长之以“生命和生活”概括李白的本质, 认为诗人对命运的抗争集中在希望保留住现世上, 而其痛苦之源却是现世的终归无法保留。作者以锐利的观察, 辅以设身处地的理解, 刻画出鲜活灵动的李白形象。
410  0 @12001 @a大家小书
600  0 @a李白,@Ali bai@f701-762@x人物研究
606 0  @a诗人@Ashi ren@x人物研究@y中国@z唐代
690    @aK825.6=422@v5
701  0 @a李长之,@Ali chang zhi@f1910-1978@4著
801  2 @aCN@b上海新华@c20191020
905    @b1188145-8@dK825.6=422@e1277@f4
    
    道教徒的诗人李白及其痛苦/李长之著.-北京:北京出版社,2018
    146页;19cm.-(大家小书)
    
    
    ISBN 978-7-200-13883-2(精装):CNY36.00
    本书以李白的游历生活为经, 以李白的道教信仰和狂人精神为纬, 深入体察“超人”李白的充溢的生命力以及内心之痛苦, 解析其诗歌中的豪气和清真风格的形成。作者李长之以“生命和生活”概括李白的本质, 认为诗人对命运的抗争集中在希望保留住现世上, 而其痛苦之源却是现世的终归无法保留。作者以锐利的观察, 辅以设身处地的理解, 刻画出鲜活灵动的李白形象。
●
相关链接 在E读中查询图书 在五车中查询图书 在当当中查询图书 在豆瓣中查询图书


正题名:道教徒的诗人李白及其痛苦     索取号:K825.6=422/1277         预约/预借

序号 登录号 条形码 馆藏地/架位号 状态 备注
1 1188145   211881454   第二样本阅览室/ [索取号:K825.6=422/1277] 在馆    
2 1188146   211881463   第二借阅区/ [索取号:K825.6=422/1277] 在馆    
3 1188147   211881472   第二借阅区/ [索取号:K825.6=422/1277] 在馆    
4 1188148   211881481   第二借阅区/ [索取号:K825.6=422/1277] 在馆    
唐山师范学院图书馆 欢迎您!
大连网信软件有限公司© 版权所有